Score 0/20 Timer 05:00
0 Plays Today
Quote Word % Correct
In the beginning God created the heaven and the ___earth
98.9%
Love thy ___ as thyselfneighbor
92.9%
Am I my brother's ___?keeper
86.5%
I have been a stranger in a strange ___land
85.8%
A land flowing with ___ and honey.milk
85.1%
Remember the ___ day, to keep it holy.sabbath
84.6%
I was ___ to the blind, and feet was I to the lame.eyes
75.6%
The Lord is my ___; I shall not want.shepherd
71.4%
Be fruitful and ___multiply
69%
For whither thou goest, I will ___go
66.9%
Quote Word % Correct
And Jonah was in the belly of the ___ three days and three nights.fish
59.9%
To every thing there is a ___season
44.4%
When the people heard the sound of the ___trumpet
43.3%
I am the rose of Sharon, and the ___ of the valleyslily
33.3%
The Lord lift up his countenance upon thee, and give thee ___peace
32.6%
If there arise among you a ___, or a dreamer of dreamsprophet
31.3%
With the ___ of an ass, heaps upon heapsjawbone
16%
___ is better than rubies.Wisdom
15.9%
___ that maketh glad the heart of man.Wine
8.7%
The ___ of adversity, and the waters of affliction.bread
7.8%

Today's Daily Dose

Remove Ads.
Support Sporcle.
Get the best of Sporcle when you Go Orange. This ad-free experience offers more features, more stats, and more fun while also helping to support Sporcle. Thank you for becoming a member.

You're not logged in!

Compare scores with friends on all Sporcle quizzes.
OR
Log In

Show Comments

Extras

Top Quizzes Today


Score Distribution

Your Account Isn't Verified!

In order to create a playlist on Sporcle, you need to verify the email address you used during registration. Go to your Sporcle Settings to finish the process.

Report this User

Report this user for behavior that violates our Community Guidelines.

Details: